Tumanʼgang / (Record no. 35335)

MARC details
000 -LEADER
fixed length control field 00809cam a2200241 a 4500
001 - CONTROL NUMBER
control field k 63000333
003 - CONTROL NUMBER IDENTIFIER
control field DLC
005 - DATE AND TIME OF LATEST TRANSACTION
control field 20260227111524.0
008 - FIXED-LENGTH DATA ELEMENTS--GENERAL INFORMATION
fixed length control field 000222s1959 ko 000 1 kor c
010 ## - LIBRARY OF CONGRESS CONTROL NUMBER
LC control number k 63000333
035 ## - SYSTEM CONTROL NUMBER
System control number (CStRLIN)DCLP00-B2326
040 ## - CATALOGING SOURCE
Original cataloging agency Harvard Univ. Chinese-Japanese Library
Transcribing agency YNH
Modifying agency DLC-R
-- DLC
050 00 - LIBRARY OF CONGRESS CALL NUMBER
Classification number PL992.415.Y673
Item number T86 1959
066 ## - CHARACTER SETS PRESENT
Alternate G0 or G1 character set $1
100 1# - MAIN ENTRY--PERSONAL NAME
Linkage 880-01
Personal name Kim, Yong-un,
Dates associated with a name 1940-
245 10 - TITLE STATEMENT
Linkage 880-02
Title Tumanʼgang /
Statement of responsibility, etc. Kim Yong-un chŏ.
260 ## - PUBLICATION, DISTRIBUTION, ETC.
Linkage 880-03
Place of publication, distribution, etc. [Seoul] :
Name of publisher, distributor, etc. Sinhŭng Chʻulpʻansa,
Date of publication, distribution, etc. Tanʼgi 4292 [1959]
300 ## - PHYSICAL DESCRIPTION
Extent 134 p. ;
Dimensions 19 cm.
500 ## - GENERAL NOTE
General note Short stories.
880 1# - ALTERNATE GRAPHIC REPRESENTATION
Linkage 100-01/$1
a 金 龍雲,
d 1940-
880 10 - ALTERNATE GRAPHIC REPRESENTATION
Linkage 245-02/$1
a 豆滿江 /
c 金 龍雲 著.
880 ## - ALTERNATE GRAPHIC REPRESENTATION
Linkage 260-03/$1
a [Seoul] :
b 新興 出版社,
c 檀紀 4292 [1959]

No items available.

Powered by Koha